|
|
|
|
| LEADER |
00000cam a2200000 a 4500 |
| 001 |
1/122358 |
| 008 |
201201s2009####gr | ||| |||| ||gre|| |
| 020 |
|
|
|a 9789602105528
|
| 040 |
|
|
|a GR-MyUa
|b gre
|c GR-MyUa
|e AACR2
|
| 041 |
1 |
|
|a gre
|h eng
|
| 082 |
7 |
|
|a 813
|2 (23)
|
| 100 |
1 |
|
|a Bukowski, Charles.
|
| 245 |
1 |
0 |
|a Άνθρωπος για όλες τις δουλειές /
|c Τσαρλσ Μπουκόφσκι ; μετάφραση από τα αγγλικά Χρύσα Τσαλικίδου.
|
| 250 |
|
|
|a 2η έκδοση.
|
| 260 |
|
|
|a Αθήνα :
|b Οδυσσέας,
|c c2009.
|
| 300 |
|
|
|a 190 σ. ;
|c 21 εκ.
|
| 500 |
|
|
|a Τίτλος πρωτοτύπου: Factotum.
|
| 650 |
|
0 |
|a American fiction.
|
| 852 |
|
|
|a INST
|b SYROS
|e 20201130
|h 813 BUK
|p 005500014699
|q 005500014699
|t BK
|y 0
|
| 920 |
|
|
|a Περπινιάς
|b Βασίλης
|y Σύρος
|z 2020-11
|
| 970 |
|
|
|a Κοντού
|b Παρασκευή
|z 01/12/2020
|